000 00316nam a22001097a 4500
008 230626b xxu||||| |||| 00| 0 eng d
082 _22
_a337.09
_bNDE 1968
245 _aThe Common Market and Development in East Africa
260 _aUganda
_bEast African Publishing House
_c1968
300 _aVII,227p
942 _2ddc
_cBK
999 _c2779
_d2779